00556 2200205 4500001002100000005001500021035002000036007000300056008004100059020002200100082001000122084001600132100001200148245008000160250001100240260003400251300003400285650002100319990001000340INLIS00000000001119820220331082642 a0010-0322000377ta220331 g 0 ind  a978-979-012-224-6 a745.5 a745.5 JAU c0 aJAUHARA1 aCabochon :bMerangkai Mote dengan Teknik Jahit dan Batu Cabochon /cJauhara aCet. 1 aSurabaya :bTiara Aksa,c2010 a64 hlm :b.ilus ;c21 x 18 cm 4aPEKERJAAN TANGAN a13375